000 00375nam a2200145Ia 4500
008 150201s1998 xx 000 0 und d
082 _a610
_bH1998F
100 _aFAUCI,ANTHONY
245 _aPRINCIPLES OF INTERNAL MEDICINE
250 _a14TH
260 _bMc-GRAW-HILL L PUBLISHING
_aBOSTON (LONDON)
_c1998
300 _a1-1240
650 _aORAL MEDICINE
942 _2ddc
_cBK
999 _c3092
_d3092